Elizabeth Bowling
Indiana A
Categories
Beliefs | 0 | 4 | 0 | 0 | 40 | 69 | 93.25 | 2 | 4 |
Other Arts: Auditory | 1 | 1 | 0 | 0 | 25 | 43 | 75.50 | 1 | 1 |
Literature - American Literature | 0 | 2 | 0 | 0 | 20 | 89 | 95.00 | 0 | 1 |
History - American History | 0 | 2 | 0 | 1 | 20 | 115 | 116.50 | 0 | 1 |
0 | 2 | 1 | 1 | 15 | 87 | 112.50 | 1 | 2 | |
Literature - European Literature | 1 | 0 | 0 | 0 | 15 | 58 | 58.00 | 1 | 1 |
Fine Arts - Visual Fine Arts | 0 | 1 | 0 | 0 | 10 | 88 | 88.00 | 0 | 1 |
Current Events | 0 | 1 | 0 | 0 | 10 | 111 | 111.00 | 0 | 0 |
Other Academic | 0 | 1 | 0 | 1 | 10 | 118 | 118.00 | 0 | 0 |
Literature - British Literature | 0 | 1 | 0 | 0 | 10 | 89 | 89.00 | 0 | 1 |
Science - Biology | 0 | 1 | 0 | 1 | 10 | 123 | 123.00 | 0 | 0 |
History - European History | 0 | 1 | 1 | 0 | 5 | 99 | 99.00 | 0 | 1 |
Other Arts: Visual | 0 | 1 | 1 | 0 | 5 | 127 | 127.00 | 0 | 1 |